000 00398nam a2200157Ia 4500
999 _c30281
_d30281
003 OSt
005 20250630130222.0
008 250310s9999||||xx |||||||||||||| ||und||
040 _c.
082 _a823
_bP2475
100 _96050
_aParkinson, C. Northcote
245 0 _aIn Laws & outlaws /
_cC. Northcote Parkinson
260 _aLondon :
_bJohn Murray,
_c1962.
300 _a175 p.
942 _cBK
_2ddc